[Event "Deutsche Ländermeisterschaft 2019"]
[Site "Würzburg GER"]
[Date "2019.10.05"]
[Round "6"]
[White "Schneider, Jana"]
[Black "Sieber, Fiona"]
[Result "0-1"]
[Termination "normal"]
[Board "2.2"]
[WhiteTitle "FM"]
[BlackTitle "WIM"]
[WhiteElo "2239"]
[BlackElo "2228"]
[WhiteClock "00:21:32"]
[BlackClock "00:12:41"]
[WhiteTeam "Bayern 1"]
[BlackTeam "Sachsen-Anhalt"]
[PlyCount "118"]
[WhiteFideId "12924997"]
[BlackFideId "12902373"]
[EventCountry "GER"]
[EventRounds "7"]
[EventType "team-swiss"]
[EventDate "2019.10.01"]

1. e4 {[%clk 1:30:57]} e5 {[%clk 1:30:51]} 2. Nf3 {[%clk 1:31:19]} Nc6 {[%clk
1:31:17]} 3. Bb5 {[%clk 1:31:42]} a6 {[%clk 1:31:28]} 4. Ba4 {[%clk 1:32:06]}
Nf6 {[%clk 1:31:52]} 5. Qe2 {[%clk 1:32:28]} b5 {[%clk 1:28:24]} 6. Bb3 {[%clk
1:32:48]} Be7 {[%clk 1:28:22]} 7. d4 {[%clk 1:28:50]} d6 {[%clk 1:25:59]} 8. c3
{[%clk 1:26:36]} O-O {[%clk 1:22:52]} 9. O-O {[%clk 1:26:45]} Bg4 {[%clk
1:16:48]} 10. Rd1 {[%clk 1:27:01]} exd4 {[%clk 1:09:24]} 11. cxd4 {[%clk
1:27:20]} d5 {[%clk 1:03:31]} 12. e5 {[%clk 1:27:38]} Ne4 {[%clk 1:03:51]} 13.
Nc3 {[%clk 1:27:41]} Nxc3 {[%clk 1:03:30]} 14. bxc3 {[%clk 1:28:04]} Na5 {[%clk
1:02:25]} 15. Bc2 {[%clk 1:27:25]} Nc4 {[%clk 1:00:29]} 16. h3 {[%clk 1:26:07]}
Bh5 {[%clk 0:56:02]} 17. a4 {[%clk 1:02:14]} Qd7 {[%clk 0:53:27]} 18. axb5
{[%clk 0:47:12]} axb5 {[%clk 0:53:49]} 19. Bf4 {[%clk 0:41:24]} Qe6 {[%clk
0:51:02]} 20. Bd3 {[%clk 0:32:20]} c6 {[%clk 0:42:05]} 21. Kh2 {[%clk 0:23:47]}
Bg6 {[%clk 0:30:57]} 22. Bxg6 {[%clk 0:23:38]} Qxg6 {[%clk 0:31:00]} 23. Ra2
{[%clk 0:23:44]} Qf5 {[%clk 0:28:27]} 24. Bg3 {[%clk 0:23:23]} Ra4 {[%clk
0:23:16]} 25. e6 {[%clk 0:19:20]} fxe6 {[%clk 0:21:27]} 26. Re1 {[%clk
0:19:20]} Rfa8 {[%clk 0:19:20]} 27. Rc2 {[%clk 0:19:35]} Kf7 {[%clk 0:14:02]}
28. Bh4 {[%clk 0:17:47]} Bd6+ {[%clk 0:11:36]} 29. Bg3 {[%clk 0:17:29]} Be7
{[%clk 0:07:46]} 30. Bh4 {[%clk 0:17:52]} Bxh4 {[%clk 0:08:11]} 31. Nxh4 {[%clk
0:18:18]} Qf4+ {[%clk 0:08:06]} 32. g3 {[%clk 0:18:42]} Qf6 {[%clk 0:06:58]}
33. Qh5+ {[%clk 0:18:34]} Kg8 {[%clk 0:07:17]} 34. Rce2 {[%clk 0:18:31]} g6
{[%clk 0:02:09]} 35. Qg4 {[%clk 0:16:48]} Ra2 {[%clk 0:02:37]} 36. Qxe6+ {[%clk
0:15:52]} Qxe6 {[%clk 0:03:03]} 37. Rxe6 {[%clk 0:16:17]} Rxf2+ {[%clk
0:03:19]} 38. Kg1 {[%clk 0:16:44]} Rc2 {[%clk 0:03:07]} 39. Rxc6 {[%clk
0:15:59]} Rxc3 {[%clk 0:03:30]} 40. Rc7 {[%clk 0:14:43]} Rxg3+ {[%clk 0:02:21]}
41. Kh2 {[%clk 0:12:27]} Re3 {[%clk 0:29:27]} 42. Rxe3 {[%clk 0:30:44]} Nxe3
{[%clk 0:29:55]} 43. Rb7 {[%clk 0:30:30]} Ra2+ {[%clk 0:30:06]} 44. Kg3 {[%clk
0:30:56]} g5 {[%clk 0:29:01]} 45. Kf3 {[%clk 0:29:50]} Ra3 {[%clk 0:27:09]} 46.
Ng2 {[%clk 0:30:10]} Nf5+ {[%clk 0:22:35]} 47. Kg4 {[%clk 0:30:23]} Nd6 {[%clk
0:12:23]} 48. Rd7 {[%clk 0:30:25]} Ne4 {[%clk 0:12:14]} 49. Kf5 {[%clk
0:30:40]} Rf3+ {[%clk 0:11:05]} 50. Ke5 {[%clk 0:30:14]} Nc3 {[%clk 0:11:07]}
51. Rd8+ {[%clk 0:25:58]} Kg7 {[%clk 0:11:12]} 52. Rd7+ {[%clk 0:26:19]} Rf7
{[%clk 0:11:13]} 53. Rd6 {[%clk 0:25:39]} Rf2 {[%clk 0:10:59]} 54. Rc6 {[%clk
0:23:20]} b4 {[%clk 0:11:14]} 55. Rc7+ {[%clk 0:22:51]} Kg6 {[%clk 0:11:38]}
56. Rc6+ {[%clk 0:23:06]} Kh5 {[%clk 0:11:39]} 57. Ne3 {[%clk 0:21:38]} Re2
{[%clk 0:12:01]} 58. Kf5 {[%clk 0:21:07]} Rxe3 {[%clk 0:12:23]} 59. Rc7 {[%clk
0:21:32]} Rf3+ {[%clk 0:12:41]} 0-1

[Event "Deutsche Ländermeisterschaft 2019"]
[Site "Würzburg GER"]
[Date "2019.10.05"]
[Round "6"]
[White "Pallas, Sebastian"]
[Black "Goldbeck, Lars"]
[Result "1/2-1/2"]
[Termination "normal"]
[Board "2.3"]
[WhiteElo "2291"]
[BlackElo "2193"]
[WhiteClock "00:26:55"]
[BlackClock "00:23:47"]
[WhiteTeam "Sachsen-Anhalt"]
[BlackTeam "Bayern 1"]
[PlyCount "86"]
[WhiteFideId "12905453"]
[BlackFideId "16208188"]
[EventCountry "GER"]
[EventRounds "7"]
[EventType "team-swiss"]
[EventDate "2019.10.01"]

1. e4 {[%clk 1:30:53]} c6 {[%clk 1:30:47]} 2. d4 {[%clk 1:30:08]} d5 {[%clk
1:31:03]} 3. Nc3 {[%clk 1:30:28]} dxe4 {[%clk 1:31:28]} 4. Nxe4 {[%clk
1:30:49]} Nf6 {[%clk 1:31:54]} 5. Nxf6+ {[%clk 1:29:21]} exf6 {[%clk 1:31:23]}
6. c3 {[%clk 1:28:44]} Bd6 {[%clk 1:31:49]} 7. Bd3 {[%clk 1:29:02]} O-O {[%clk
1:32:12]} 8. Qc2 {[%clk 1:29:15]} Re8+ {[%clk 1:32:38]} 9. Ne2 {[%clk 1:29:37]}
h5 {[%clk 1:33:07]} 10. Be3 {[%clk 1:22:54]} Nd7 {[%clk 1:33:20]} 11. O-O-O
{[%clk 1:23:00]} Nf8 {[%clk 1:33:14]} 12. Kb1 {[%clk 1:18:42]} Be6 {[%clk
1:33:26]} 13. Nf4 {[%clk 1:06:59]} Bg4 {[%clk 1:19:17]} 14. Rde1 {[%clk
1:07:24]} Qc7 {[%clk 1:19:38]} 15. h3 {[%clk 1:05:28]} Bxf4 {[%clk 1:12:45]}
16. hxg4 {[%clk 1:05:37]} Bxe3 {[%clk 1:13:11]} 17. fxe3 {[%clk 1:05:05]} Qg3
{[%clk 1:11:45]} 18. gxh5 {[%clk 0:48:03]} Rxe3 {[%clk 1:12:05]} 19. Rxe3
{[%clk 0:48:26]} Qxe3 {[%clk 1:12:32]} 20. b3 {[%clk 0:47:28]} Re8 {[%clk
1:06:13]} 21. Kb2 {[%clk 0:41:09]} a5 {[%clk 0:56:38]} 22. Rh3 {[%clk 0:38:55]}
Qe1 {[%clk 0:52:42]} 23. Rf3 {[%clk 0:33:20]} Qh4 {[%clk 0:52:28]} 24. Qf2
{[%clk 0:26:02]} Qxh5 {[%clk 0:44:56]} 25. Rf5 {[%clk 0:25:42]} Qd1 {[%clk
0:42:21]} 26. Qc2 {[%clk 0:26:03]} Qxc2+ {[%clk 0:42:31]} 27. Kxc2 {[%clk
0:26:28]} b6 {[%clk 0:41:36]} 28. d5 {[%clk 0:25:36]} c5 {[%clk 0:36:40]} 29.
b4 {[%clk 0:21:21]} axb4 {[%clk 0:35:46]} 30. cxb4 {[%clk 0:21:46]} cxb4 {[%clk
0:35:56]} 31. Kb3 {[%clk 0:21:47]} Rd8 {[%clk 0:29:14]} 32. Kxb4 {[%clk
0:18:29]} Ng6 {[%clk 0:18:14]} 33. Kb5 {[%clk 0:11:42]} Rd6 {[%clk 0:05:55]}
34. Bc4 {[%clk 0:11:34]} Ne5 {[%clk 0:05:25]} 35. Bb3 {[%clk 0:11:54]} g6
{[%clk 0:05:30]} 36. Rf1 {[%clk 0:11:56]} Kf8 {[%clk 0:04:59]} 37. Rc1 {[%clk
0:09:32]} Ke7 {[%clk 0:04:11]} 38. Ka6 {[%clk 0:07:00]} Nd7 {[%clk 0:03:32]}
39. Kb7 {[%clk 0:04:19]} Nc5+ {[%clk 0:02:14]} 40. Kc7 {[%clk 0:04:37]} Rd7+
{[%clk 0:00:46]} 41. Kc6 {[%clk 0:26:09]} Rd6+ {[%clk 0:27:48]} 42. Kc7 {[%clk
0:26:31]} Rd7+ {[%clk 0:26:39]} 43. Kc6 {[%clk 0:26:55]} Rd6+ {[%clk 0:23:47]}
1/2-1/2

[Event "Deutsche Ländermeisterschaft 2019"]
[Site "Würzburg GER"]
[Date "2019.10.05"]
[Round "6"]
[White "Lohvinov, Petro"]
[Black "Post, Hugo"]
[Result "0-1"]
[Termination "normal"]
[Board "2.4"]
[WhiteElo "2117"]
[BlackElo "2204"]
[WhiteClock "00:03:54"]
[BlackClock "00:12:35"]
[WhiteTeam "Bayern 1"]
[BlackTeam "Sachsen-Anhalt"]
[PlyCount "82"]
[WhiteFideId "14176661"]
[BlackFideId "12962490"]
[EventCountry "GER"]
[EventRounds "7"]
[EventType "team-swiss"]
[EventDate "2019.10.01"]

1. e4 {[%clk 1:30:58]} c5 {[%clk 1:30:45]} 2. Nf3 {[%clk 1:31:23]} d6 {[%clk
1:30:58]} 3. d4 {[%clk 1:31:48]} cxd4 {[%clk 1:31:11]} 4. Nxd4 {[%clk 1:32:16]}
Nf6 {[%clk 1:31:22]} 5. Nc3 {[%clk 1:32:45]} a6 {[%clk 1:31:28]} 6. Be3 {[%clk
1:32:54]} e6 {[%clk 1:31:30]} 7. f3 {[%clk 1:33:12]} b5 {[%clk 1:31:16]} 8. g4
{[%clk 1:33:10]} h6 {[%clk 1:30:06]} 9. Qd2 {[%clk 1:33:35]} Nbd7 {[%clk
1:29:58]} 10. O-O-O {[%clk 1:33:37]} b4 {[%clk 1:29:55]} 11. Na4 {[%clk
1:18:38]} Ne5 {[%clk 1:29:06]} 12. b3 {[%clk 1:14:53]} Bd7 {[%clk 1:25:15]} 13.
Nb2 {[%clk 1:15:13]} Qa5 {[%clk 1:16:13]} 14. a4 {[%clk 1:13:52]} d5 {[%clk
1:05:38]} 15. h3 {[%clk 0:51:35]} Rc8 {[%clk 0:55:48]} 16. Qh2 {[%clk 0:38:45]}
dxe4 {[%clk 0:51:14]} 17. f4 {[%clk 0:37:39]} Nd3+ {[%clk 0:49:59]} 18. Bxd3
{[%clk 0:31:23]} exd3 {[%clk 0:50:13]} 19. Rxd3 {[%clk 0:31:24]} Nd5 {[%clk
0:47:37]} 20. f5 {[%clk 0:27:52]} Qc7 {[%clk 0:45:57]} 21. fxe6 {[%clk
0:25:08]} fxe6 {[%clk 0:46:20]} 22. Qxc7 {[%clk 0:14:32]} Rxc7 {[%clk 0:46:24]}
23. Re1 {[%clk 0:13:22]} Nxe3 {[%clk 0:32:34]} 24. Rdxe3 {[%clk 0:10:15]} Bc5
{[%clk 0:32:02]} 25. Re4 {[%clk 0:10:07]} O-O {[%clk 0:28:11]} 26. Nxe6 {[%clk
0:10:16]} Bxe6 {[%clk 0:28:37]} 27. Rxe6 {[%clk 0:10:44]} Rf3 {[%clk 0:28:50]}
28. h4 {[%clk 0:07:41]} Bf2 {[%clk 0:25:28]} 29. R1e2 {[%clk 0:06:57]} Bxh4
{[%clk 0:25:11]} 30. Kb1 {[%clk 0:05:43]} Rf1+ {[%clk 0:24:07]} 31. Ka2 {[%clk
0:06:10]} Rc1 {[%clk 0:14:56]} 32. Rxa6 {[%clk 0:04:56]} R1xc2 {[%clk 0:12:32]}
33. Rxc2 {[%clk 0:05:19]} Rxc2 {[%clk 0:12:58]} 34. Kb1 {[%clk 0:05:37]} Rc3
{[%clk 0:13:23]} 35. Ra8+ {[%clk 0:04:52]} Kh7 {[%clk 0:13:21]} 36. a5 {[%clk
0:03:29]} Rxb3 {[%clk 0:13:40]} 37. Kc2 {[%clk 0:03:44]} Rc3+ {[%clk 0:13:46]}
38. Kb1 {[%clk 0:03:41]} Bf6 {[%clk 0:13:37]} 39. Na4 {[%clk 0:03:40]} Ra3
{[%clk 0:12:38]} 40. Nc5 b3 {[%clk 0:12:56]} 41. Kc1 {[%clk 0:03:54]} Ra1+
{[%clk 0:12:35]} 0-1

[Event "Deutsche Ländermeisterschaft 2019"]
[Site "Würzburg GER"]
[Date "2019.10.05"]
[Round "6"]
[White "Costa, Leonardo"]
[Black "Dietz, Kristin"]
[Result "0-1"]
[Termination "normal"]
[Board "2.6"]
[WhiteElo "1959"]
[BlackElo "1948"]
[WhiteClock "00:23:54"]
[BlackClock "00:11:58"]
[WhiteTeam "Bayern 1"]
[BlackTeam "Sachsen-Anhalt"]
[PlyCount "67"]
[WhiteFideId "16213955"]
[BlackFideId "12993743"]
[EventCountry "GER"]
[EventRounds "7"]
[EventType "team-swiss"]
[EventDate "2019.10.01"]

1. e4 {[%clk 1:30:59]} c5 {[%clk 1:30:53]} 2. Nf3 {[%clk 1:31:24]} e6 {[%clk
1:31:13]} 3. d4 {[%clk 1:31:48]} cxd4 {[%clk 1:31:35]} 4. Nxd4 {[%clk 1:32:13]}
a6 {[%clk 1:31:56]} 5. Bd3 {[%clk 1:32:30]} g6 {[%clk 1:31:46]} 6. c4 {[%clk
1:31:43]} Bg7 {[%clk 1:31:56]} 7. Nf3 {[%clk 1:31:15]} Nc6 {[%clk 1:30:07]} 8.
O-O Nge7 {[%clk 1:30:19]} 9. Qe2 {[%clk 1:29:51]} d6 {[%clk 1:26:52]} 10. Nc3
{[%clk 1:28:03]} O-O {[%clk 1:26:55]} 11. Rd1 {[%clk 1:27:19]} f5 {[%clk
1:08:07]} 12. Bg5 {[%clk 1:17:10]} Qc7 13. Rac1 {[%clk 1:14:37]} h6 {[%clk
1:00:52]} 14. Be3 {[%clk 1:11:47]} f4 {[%clk 0:59:20]} 15. Bd2 {[%clk 1:12:01]}
Bd7 {[%clk 0:58:14]} 16. b3 {[%clk 1:02:48]} g5 {[%clk 0:56:19]} 17. h3 {[%clk
1:00:40]} Ng6 {[%clk 0:53:39]} 18. Bb1 Nge5 {[%clk 0:50:51]} 19. Nxe5 {[%clk
0:54:27]} Nxe5 {[%clk 0:51:12]} 20. f3 {[%clk 0:54:41]} Rad8 {[%clk 0:50:39]}
21. Be1 {[%clk 0:54:25]} Bc6 {[%clk 0:47:29]} 22. Bf2 {[%clk 0:53:01]} Qf7
{[%clk 0:47:25]} 23. Bb6 {[%clk 0:51:45]} Rd7 {[%clk 0:47:47]} 24. Nd5 {[%clk
0:49:06]} h5 {[%clk 0:42:45]} 25. Ba5 {[%clk 0:44:21]} g4 {[%clk 0:31:56]} 26.
Kh2 exd5 {[%clk 0:13:02]} 27. exd5 {[%clk 0:39:58]} Re7 {[%clk 0:13:24]} 28.
Qc2 {[%clk 0:39:45]} Bh6 {[%clk 0:13:35]} 29. dxc6 {[%clk 0:40:03]} gxf3 {[%clk
0:13:00]} 30. Rxd6 {[%clk 0:38:12]} Qg7 {[%clk 0:12:55]} 31. Rg1 {[%clk
0:26:43]} Qg3+ {[%clk 0:11:49]} 32. Kh1 {[%clk 0:27:10]} f2 {[%clk 0:11:58]}
33. Rf1 {[%clk 0:26:59]} f3 34. Qe4 {[%clk 0:23:54]} 0-1

[Event "Deutsche Ländermeisterschaft 2019"]
[Site "Würzburg GER"]
[Date "2019.10.05"]
[Round "6"]
[White "Voigt, Anastasia"]
[Black "Bardorz, Jana"]
[Result "0-1"]
[Termination "normal"]
[Board "2.7"]
[WhiteElo "1457"]
[BlackElo "1929"]
[WhiteClock "00:40:42"]
[BlackClock "00:19:36"]
[WhiteTeam "Sachsen-Anhalt"]
[BlackTeam "Bayern 1"]
[PlyCount "96"]
[WhiteFideId "16235223"]
[BlackFideId "16208897"]
[EventCountry "GER"]
[EventRounds "7"]
[EventType "team-swiss"]
[EventDate "2019.10.01"]

1. e4 {[%clk 1:30:58]} e5 {[%clk 1:30:55]} 2. Nf3 {[%clk 1:31:25]} Nc6 {[%clk
1:31:19]} 3. Bc4 {[%clk 1:31:51]} Nf6 {[%clk 1:31:43]} 4. d3 {[%clk 1:32:16]}
h6 {[%clk 1:31:44]} 5. c3 {[%clk 1:32:03]} d6 {[%clk 1:31:41]} 6. O-O {[%clk
1:30:32]} g5 {[%clk 1:29:45]} 7. Re1 {[%clk 1:25:46]} Bg7 {[%clk 1:26:54]} 8.
Nbd2 {[%clk 1:23:07]} g4 {[%clk 1:18:22]} 9. Nh4 {[%clk 1:23:26]} Nxe4 {[%clk
1:17:08]} 10. Nxe4 {[%clk 1:22:11]} Qxh4 {[%clk 1:16:53]} 11. Ng3 {[%clk
1:21:13]} Bd7 {[%clk 1:10:36]} 12. Qb3 {[%clk 1:13:56]} O-O-O {[%clk 1:01:34]}
13. Bxf7 {[%clk 1:11:04]} Rdf8 {[%clk 0:57:01]} 14. Be6 {[%clk 1:08:54]} Qe7
{[%clk 0:54:44]} 15. Bxd7+ {[%clk 1:08:06]} Qxd7 {[%clk 0:54:51]} 16. Be3
{[%clk 1:07:06]} d5 {[%clk 0:49:06]} 17. Nh5 {[%clk 1:01:55]} Bf6 {[%clk
0:43:33]} 18. Nxf6 {[%clk 1:00:19]} Rxf6 {[%clk 0:43:56]} 19. Bd2 {[%clk
0:58:35]} Rhf8 {[%clk 0:38:32]} 20. Rf1 {[%clk 0:58:37]} Qf7 {[%clk 0:34:24]}
21. Be3 {[%clk 0:54:48]} d4 {[%clk 0:31:46]} 22. Qxf7 {[%clk 0:54:38]} R8xf7
{[%clk 0:32:07]} 23. Bd2 {[%clk 0:54:48]} h5 {[%clk 0:28:36]} 24. c4 {[%clk
0:51:57]} Ne7 {[%clk 0:25:30]} 25. Rae1 {[%clk 0:47:35]} Ng6 {[%clk 0:24:10]}
26. Re4 {[%clk 0:46:41]} c5 {[%clk 0:22:04]} 27. b3 {[%clk 0:43:17]} Ra6 {[%clk
0:20:38]} 28. Ra1 {[%clk 0:42:58]} Kd7 {[%clk 0:19:34]} 29. Kf1 {[%clk
0:42:25]} Raf6 {[%clk 0:18:24]} 30. Be1 {[%clk 0:40:42]} Kd6 {[%clk 0:17:30]}
31. g3 {[%clk 0:39:51]} Rf3 {[%clk 0:16:50]} 32. Rd1 {[%clk 0:38:04]} Nf8
{[%clk 0:15:08]} 33. Kg1 {[%clk 0:32:27]} Ne6 {[%clk 0:14:58]} 34. h4 {[%clk
0:31:10]} gxh3 {[%clk 0:11:07]} 35. Rh4 {[%clk 0:31:28]} Ng5 {[%clk 0:06:46]}
36. Rxh5 {[%clk 0:31:23]} R3f5 {[%clk 0:06:01]} 37. Kh1 {[%clk 0:25:39]} Rh7
{[%clk 0:05:00]} 38. Rxh7 {[%clk 0:24:07]} Nxh7 {[%clk 0:05:25]} 39. Kg1 {[%clk
0:23:13]} Ng5 {[%clk 0:04:43]} 40. Bd2 {[%clk 0:21:24]} Nf3+ {[%clk 0:03:31]}
41. Kh1 {[%clk 0:20:26]} Ke6 {[%clk 0:29:46]} 42. Bc1 {[%clk 0:49:39]} b6
{[%clk 0:28:24]} 43. a3 {[%clk 0:49:27]} Rf6 {[%clk 0:22:51]} 44. b4 {[%clk
0:47:23]} Kf5 {[%clk 0:20:37]} 45. Bb2 {[%clk 0:42:05]} Re6 {[%clk 0:19:16]}
46. b5 {[%clk 0:41:42]} e4 {[%clk 0:19:09]} 47. dxe4+ {[%clk 0:41:19]} Rxe4
{[%clk 0:19:27]} 48. a4 {[%clk 0:40:42]} Re2 {[%clk 0:19:36]} 0-1

[Event "Deutsche Ländermeisterschaft 2019"]
[Site "Würzburg GER"]
[Date "2019.10.05"]
[Round "6"]
[White "Prinzen, Siri Marleen"]
[Black "Haubold, Christian Lucas"]
[Result "1-0"]
[Termination "normal"]
[Board "2.8"]
[WhiteElo "1520"]
[BlackElo "1430"]
[WhiteClock "00:07:35"]
[BlackClock "00:13:26"]
[WhiteTeam "Bayern 1"]
[BlackTeam "Sachsen-Anhalt"]
[PlyCount "145"]
[WhiteFideId "16265912"]
[BlackFideId "16259629"]
[EventCountry "GER"]
[EventRounds "7"]
[EventType "team-swiss"]
[EventDate "2019.10.01"]

1. e4 {[%clk 1:30:58]} e5 {[%clk 1:30:55]} 2. Nf3 {[%clk 1:31:23]} Nc6 {[%clk
1:31:18]} 3. Bc4 {[%clk 1:31:46]} Bc5 {[%clk 1:31:19]} 4. c3 {[%clk 1:32:10]}
Nf6 {[%clk 1:31:38]} 5. d3 {[%clk 1:32:34]} d6 {[%clk 1:31:38]} 6. Bb3 {[%clk
1:31:38]} a6 {[%clk 1:31:33]} 7. Nbd2 {[%clk 1:29:47]} Ba7 {[%clk 1:31:16]} 8.
O-O {[%clk 1:28:12]} O-O {[%clk 1:31:30]} 9. Re1 {[%clk 1:27:53]} Ne7 {[%clk
1:30:20]} 10. Nf1 {[%clk 1:27:36]} Ng6 {[%clk 1:29:50]} 11. Ng3 {[%clk
1:27:11]} h6 {[%clk 1:28:30]} 12. d4 {[%clk 1:25:12]} exd4 {[%clk 1:27:59]} 13.
cxd4 {[%clk 1:25:29]} Bg4 {[%clk 1:27:21]} 14. Nf5 {[%clk 1:21:50]} Kh7 {[%clk
1:24:31]} 15. h3 {[%clk 1:19:48]} Bxf5 {[%clk 1:22:40]} 16. exf5 {[%clk
1:20:09]} Ne7 {[%clk 1:22:05]} 17. Nh4 {[%clk 1:16:19]} Nc6 {[%clk 1:21:27]}
18. Be3 {[%clk 1:12:17]} Na5 {[%clk 1:17:00]} 19. Bc2 {[%clk 1:11:23]} Kh8
{[%clk 1:14:24]} 20. Qf3 {[%clk 1:04:25]} Nd7 {[%clk 1:11:26]} 21. Qf4 {[%clk
1:01:53]} Qf6 {[%clk 1:03:57]} 22. Nf3 {[%clk 0:58:41]} Rfe8 {[%clk 0:53:16]}
23. Bd2 {[%clk 0:57:34]} Nc6 {[%clk 0:53:11]} 24. Bc3 {[%clk 0:57:37]} Rxe1+
{[%clk 0:49:58]} 25. Rxe1 {[%clk 0:57:57]} Nb6 {[%clk 0:48:07]} 26. Bb3 {[%clk
0:54:38]} Ne7 {[%clk 0:42:41]} 27. Qe4 {[%clk 0:45:43]} Nxf5 {[%clk 0:43:01]}
28. Bc2 {[%clk 0:44:54]} Kg8 {[%clk 0:37:47]} 29. Qxf5 {[%clk 0:43:31]} Qxf5
{[%clk 0:37:43]} 30. Bxf5 {[%clk 0:43:59]} g6 {[%clk 0:37:39]} 31. Bc2 {[%clk
0:43:44]} Nd5 {[%clk 0:34:24]} 32. Bd2 {[%clk 0:43:20]} a5 {[%clk 0:24:03]} 33.
Bb3 {[%clk 0:42:15]} c6 {[%clk 0:19:02]} 34. Bxd5 {[%clk 0:41:44]} cxd5 {[%clk
0:19:18]} 35. Bxh6 b5 {[%clk 0:17:33]} 36. Re7 {[%clk 0:40:27]} b4 {[%clk
0:16:05]} 37. Bf4 {[%clk 0:40:01]} a4 {[%clk 0:15:24]} 38. Bxd6 {[%clk
0:39:04]} b3 {[%clk 0:15:30]} 39. a3 {[%clk 0:38:37]} Bb6 {[%clk 0:15:08]} 40.
Be5 {[%clk 0:37:22]} Rc8 {[%clk 0:14:30]} 41. Ne1 {[%clk 0:34:49]} Kf8 {[%clk
0:12:33]} 42. Bd6 {[%clk 0:30:56]} Kg7 {[%clk 0:12:50]} 43. Nd3 {[%clk
0:21:10]} Bxd4 {[%clk 0:11:27]} 44. Be5+ {[%clk 0:20:07]} Bxe5 {[%clk 0:11:34]}
45. Rxe5 {[%clk 0:20:31]} Rd8 {[%clk 0:11:17]} 46. Kf1 {[%clk 0:19:42]} Kf6
{[%clk 0:10:56]} 47. Ke2 {[%clk 0:18:59]} g5 {[%clk 0:10:58]} 48. Kf3 {[%clk
0:17:17]} Kg6 {[%clk 0:10:48]} 49. h4 {[%clk 0:12:40]} f6 {[%clk 0:09:56]} 50.
Re7 {[%clk 0:10:30]} Rc8 {[%clk 0:09:44]} 51. hxg5 {[%clk 0:09:23]} fxg5 {[%clk
0:09:47]} 52. Rd7 {[%clk 0:09:08]} Rf8+ {[%clk 0:09:36]} 53. Ke3 {[%clk
0:07:49]} Re8+ {[%clk 0:09:27]} 54. Kd4 {[%clk 0:07:33]} Re4+ {[%clk 0:09:28]}
55. Kxd5 {[%clk 0:07:34]} Re2 {[%clk 0:09:35]} 56. Kc4 {[%clk 0:06:41]} Re4+
{[%clk 0:09:27]} 57. Rd4 {[%clk 0:06:51]} Re8 {[%clk 0:09:30]} 58. Kc3 {[%clk
0:05:20]} Rc8+ {[%clk 0:09:35]} 59. Rc4 {[%clk 0:05:41]} Ra8 {[%clk 0:09:59]}
60. Nc5 {[%clk 0:05:33]} Rb8 {[%clk 0:10:02]} 61. Rxa4 {[%clk 0:05:31]} Rc8
{[%clk 0:10:13]} 62. Rc4 {[%clk 0:05:55]} Rf8 {[%clk 0:10:30]} 63. Nd3 {[%clk
0:05:51]} Rd8 {[%clk 0:10:45]} 64. Rb4 {[%clk 0:05:42]} Rc8+ {[%clk 0:11:02]}
65. Kxb3 {[%clk 0:06:06]} Rd8 {[%clk 0:11:22]} 66. Kc3 {[%clk 0:06:24]} Rc8+
{[%clk 0:11:43]} 67. Rc4 {[%clk 0:06:50]} Ra8 {[%clk 0:12:04]} 68. a4 {[%clk
0:07:14]} Kf6 {[%clk 0:12:20]} 69. b3 {[%clk 0:06:19]} Ke6 {[%clk 0:12:30]} 70.
Rc5 {[%clk 0:06:32]} Kf6 {[%clk 0:12:50]} 71. a5 {[%clk 0:06:55]} g4 {[%clk
0:13:03]} 72. Rc6+ {[%clk 0:07:11]} Ke7 {[%clk 0:13:26]} 73. a6 {[%clk
0:07:35]} 1-0

[Event "Deutsche Ländermeisterschaft 2019"]
[Site "Würzburg GER"]
[Date "2019.10.05"]
[Round "6"]
[White "Muckle, Julius"]
[Black "Browning, Alex"]
[Result "1-0"]
[Termination "normal"]
[Board "3.1"]
[WhiteTitle "FM"]
[BlackTitle "FM"]
[WhiteElo "2398"]
[BlackElo "2303"]
[WhiteClock "00:06:23"]
[BlackClock "00:40:09"]
[WhiteTeam "Rheinland-Pfalz"]
[BlackTeam "Nordrhein-Westfalen"]
[PlyCount "99"]
[WhiteFideId "12942430"]
[BlackFideId "12984019"]
[EventCountry "GER"]
[EventRounds "7"]
[EventType "team-swiss"]
[EventDate "2019.10.01"]

1. d4 {[%clk 1:30:59]} Nf6 {[%clk 1:30:53]} 2. c4 {[%clk 1:31:28]} g6 {[%clk
1:31:14]} 3. Nc3 {[%clk 1:31:55]} Bg7 {[%clk 1:31:38]} 4. e4 {[%clk 1:32:23]}
d6 {[%clk 1:31:59]} 5. f3 {[%clk 1:32:51]} O-O {[%clk 1:32:20]} 6. Be3 {[%clk
1:33:20]} Nc6 {[%clk 1:32:40]} 7. Nge2 {[%clk 1:33:39]} a6 {[%clk 1:33:00]} 8.
Qd2 {[%clk 1:34:06]} Na5 {[%clk 1:33:21]} 9. Ng3 {[%clk 1:28:39]} b5 {[%clk
1:33:00]} 10. cxb5 {[%clk 1:28:24]} axb5 {[%clk 1:33:22]} 11. Bxb5 {[%clk
1:28:38]} Nb3 {[%clk 1:33:46]} 12. Qd1 {[%clk 1:27:39]} Nxa1 13. Qxa1 Ba6
{[%clk 1:30:30]} 14. Bxa6 {[%clk 1:27:36]} Rxa6 {[%clk 1:30:54]} 15. O-O {[%clk
1:28:05]} c6 {[%clk 1:30:09]} 16. Qd1 {[%clk 1:22:36]} Qa5 {[%clk 1:28:58]} 17.
Qe2 {[%clk 1:15:48]} Rb8 {[%clk 1:28:57]} 18. Rb1 {[%clk 1:02:07]} Rab6 {[%clk
1:24:07]} 19. Qc2 {[%clk 0:48:10]} Nd7 {[%clk 1:16:47]} 20. Nge2 {[%clk
0:45:42]} c5 {[%clk 0:41:09]} 21. dxc5 {[%clk 0:34:46]} Nxc5 {[%clk 0:41:29]}
22. b3 {[%clk 0:32:27]} R6b7 {[%clk 0:40:46]} 23. Rc1 {[%clk 0:22:23]} Ra8
{[%clk 0:36:05]} 24. Nd4 {[%clk 0:20:25]} Qa6 {[%clk 0:35:40]} 25. Rd1 {[%clk
0:12:14]} Rc8 {[%clk 0:33:30]} 26. Qd2 {[%clk 0:06:03]} Ne6 {[%clk 0:31:40]}
27. Nce2 {[%clk 0:03:22]} Rbc7 {[%clk 0:31:33]} 28. a4 {[%clk 0:03:23]} Nxd4
{[%clk 0:31:29]} 29. Nxd4 {[%clk 0:03:37]} Rc3 {[%clk 0:31:29]} 30. a5 {[%clk
0:01:17]} Qxa5 {[%clk 0:31:18]} 31. Ne2 {[%clk 0:01:29]} R3c5 {[%clk 0:29:04]}
32. b4 {[%clk 0:01:40]} Qa4 {[%clk 0:28:04]} 33. bxc5 {[%clk 0:02:08]} dxc5
{[%clk 0:28:33]} 34. Qd7 {[%clk 0:02:19]} Qa6 {[%clk 0:28:46]} 35. Nf4 {[%clk
0:01:18]} e6 {[%clk 0:28:06]} 36. Nd3 {[%clk 0:01:35]} Ra8 {[%clk 0:26:00]} 37.
Nxc5 {[%clk 0:01:37]} Qe2 {[%clk 0:26:28]} 38. Qd3 {[%clk 0:01:48]} Qa2 {[%clk
0:26:42]} 39. h3 {[%clk 0:01:53]} h5 {[%clk 0:26:52]} 40. Rd2 {[%clk 0:00:47]}
Qa1+ {[%clk 0:26:42]} 41. Rd1 {[%clk 0:28:58]} Qa2 {[%clk 0:56:37]} 42. Bf2
{[%clk 0:20:34]} Rb8 {[%clk 0:56:01]} 43. f4 {[%clk 0:12:01]} Rb2 {[%clk
0:54:38]} 44. Qf3 {[%clk 0:11:33]} Qc4 {[%clk 0:53:37]} 45. e5 {[%clk 0:10:43]}
Bf8 {[%clk 0:52:32]} 46. Nd7 {[%clk 0:09:44]} Be7 {[%clk 0:52:01]} 47. Qa8+
{[%clk 0:06:01]} Kg7 {[%clk 0:51:59]} 48. Bh4 {[%clk 0:05:32]} Qc2 {[%clk
0:39:52]} 49. Bf6+ {[%clk 0:05:54]} Bxf6 {[%clk 0:40:09]} 50. Qf8+ {[%clk
0:06:23]} 1-0